| 000 | 00640nam a2200253Ia 4500 | ||
|---|---|---|---|
| 003 | OSt | ||
| 005 | 20220927110420.0 | ||
| 006 | a|||||r|||| 00| 0 | ||
| 007 | ta | ||
| 008 | 220926b |||||||| |||| 00| 0 eng d | ||
| 024 | _a66759 | ||
| 037 | _cReports | ||
| 040 |
_aRTL _cRTL _beng |
||
| 041 |
_2eng _aeng |
||
| 082 | _a"X7.438s, G6/GD" | ||
| 110 |
_aBurma _9378124 |
||
| 245 | 0 | _aProvincial estimates for the year1935-36 | |
| 260 |
_aBurma _bGovt Printing Burma _c1936 |
||
| 490 | _v1935-36 | ||
| 650 | _aFinance | ||
| 700 |
_aBurma _9378125 |
||
| 942 |
_h"X7.438s, G6/GD" _cCC |
||
| 999 |
_c696625 _d696625 |
||